The life of fishes

Gardado en:
Detalles Bibliográficos
Autor Principal: Marshall, N. B. (autor)
Formato: Libro
Idioma:inglés
Publicado: Londres Werdenfeld and Nicolson 1965
Series:The universe natural history series
Subjects:
Tags: Engadir etiqueta
Sen Etiquetas, Sexa o primeiro en etiquetar este rexistro!

MARC

LEADER 00000nam a2200000 a 4500
001 UCV5328
003 CL-VaPUC
008 930316e19650000UK |||||||||||||||||eng|d
082 0 4 |a 597  |b MAR  |2 21 
100 |a Marshall, N. B.  |e autor  |9 343043 
245 1 4 |a The life of fishes 
300 |a 402 p 
942 |c BK 
945 |d 19930316 00:00:00 
260 |a Londres  |b Werdenfeld and Nicolson  |c 1965 
650 7 |a ICTIOLOGIA  |2 CL-VaPUC  |9 261318 
650 7 |a PECES  |2 CL-VaPUC  |9 299655 
583 |a last modification  |c 19930316 00:00:00  |k Rodrigo Vera 
490 0 |a The universe natural history series 
999 |c 211885  |d 211883 
952 |0 0  |1 0  |2 ddc  |4 0  |6 597_000000000000000_MAR_1965  |7 0  |8 CCM  |9 191907  |a BIBCUR  |b BIBCUR  |c PAC  |d 2019-11-14  |i 259434K  |o 597 MAR 1965  |p 259434K  |r 2025-04-22  |w 2019-11-14  |y BK  |k CIM